| 000 | 00437nam a22001697a 4500 | ||
|---|---|---|---|
| 003 | NUST - PNEC | ||
| 005 | 20170116180943.0 | ||
| 008 | 150907b xxu||||| |||| 00| 0 eng d | ||
| 020 | _a0155018434 | ||
| 040 | _cLIBRARY | ||
| 082 | _a621.3192 BEN | ||
| 100 |
_98816 _aBennett, Paul E. |
||
| 245 |
_aAdvanced circuit analysis _cPaul E. Bennett |
||
| 260 | _cc.1992 | ||
| 650 |
_98833 _aElectric circuit analysis _xEE |
||
| 942 |
_2ddc _cBK |
||
| 999 |
_c66212 _d66212 |
||